• 首页
  • 本馆介绍
  • 公告通知
  • 最新文献
  • 馆藏检索
  • 电子资源
  • 读者导购
  • 参考咨询
  • 我的图书馆
  • 登录
  • 详细信息显示
  • 放入我的书架
  • 预约/预借图书
  • 作者相关作品
  • 分类相关作品
  • 丛书相关作品
  • 出版社相关作品

书目信息

  • 表格格式
  • 工作单格式
  • 卡片格式
题名:
年轻的美国
    
 
作者: 帕斯坦 著 ;范海滨 , 王惠 译
分册:  
出版信息: 桂林   广西师范大学出版社  2003
页数: 105页
开本: 23×23m
丛书名: 贝贝特·艺术广场
单 册:
中图分类: J213.05
科图分类:
主题词: 油画--美术批评--美国--近代 , 油画 , 美术批评
电子资源:
ISBN: 7-5633-3885-3
000 01098oam2 2200313 450
001 1253548043
005 20121019145325.04
010    @a7-5633-3885-3@dCNY36.80
100    @a20030623d2003 em y0chiy50 ea
101 1  @achi@ceng@eeng
102    @aCN@b450000
105    @aa z 000yy
200 1  @a年轻的美国@Anian qing de mei guo@e[图集]@f(美)埃米·帕斯坦(Amy Pastan)著@g范海滨,王惠译
210    @a桂林@c广西师范大学出版社@d2003
215    @a105页@d23×23m
225 2  @a贝贝特·艺术广场@i美国艺术书系@v4
330    @a本书追溯的是美国从大约1760年到南北战争以后10年的时间内,也就是从殖民地到建国这一时期的绘画,作品反映了当时新英格兰和大西洋西岸中部地区人民的价值观。
461  0 @12001 @a贝贝特·艺术广场
462  0 @12001 @a美国艺术书系
510 1  @aYoung America@zeng
606 0  @a油画@x美术批评@y美国@z近代
606 0  @a油画
606 0  @a美术批评
690    @aJ213.05@v4
701  0 @c(美)@a帕斯坦@Apa si tan@c(Pastan, Amy)@4著
702  0 @a范海滨@Afan hai bin@4译
702  0 @a王惠@Awang hui@c(翻译)@4译
801  0 @aCN@bNLC@c20101222
905    @a10447@dJ213.05@eJY287
    
    年轻的美国:[图集]/(美)埃米·帕斯坦(Amy Pastan)著/范海滨,王惠译.-桂林:广西师范大学出版社,2003
    105页;23×23m.-(贝贝特·艺术广场.美国艺术书系;4)
    
    
    ISBN 7-5633-3885-3:CNY36.80
    本书追溯的是美国从大约1760年到南北战争以后10年的时间内,也就是从殖民地到建国这一时期的绘画,作品反映了当时新英格兰和大西洋西岸中部地区人民的价值观。
●
相关链接 在E读中查询图书 在五车中查询图书 在当当中查询图书 在豆瓣中查询图书


正题名:年轻的美国     索取号:J213.05/JY287         预约/预借

序号 登录号 条形码 馆藏地/架位号 状态 备注
1 7833206   278332065   学院路分馆/ [索取号:J213.05/JY287] 在馆    
2 7833207   278332074   学院路分馆/ [索取号:J213.05/JY287] 在馆    
唐山师范学院图书馆 欢迎您!
大连网信软件有限公司© 版权所有